000 01580nam a2200289Ia 4500
001 H1657
003 IT-RoPAU
008 130308s9999 xx 000 0 und d
040 _aIT-RoPAU
040 _cIT-RoPAU
041 _aITALIANO
100 _aCodeluppi Vanni
100 _gCodice Aut. SPICS: 20816
245 _aPubblicità
245 _bPubblicita'
250 _a1a ed.
260 _aBOLOGNA
260 _bZanichelli
260 _c2000 [1° Ed.:2000 - Ed.Ling.Originale:2000]
300 _a"120 p. (prefazione: 6; testo: 114 [pagine: 0-0])"
500 _a"Il Volume intende Guidare Il Lettore Alla Comprensione di Uno dei principali Fenomeni della Società Contemporanea: la Pubblicità. La Prima parte E'Dedicata Alla Storia della Pubblicita': Origini, Pubblicità moderna, dal dopoguerra a Oggi, Pubblicità del Futuro; Dalle prime Elementari forme Basate su Annunci dei Giornali Alla Pubblicità su Internet. La seconda Parte,Intitolata ""Teoria, Tecniche, Strumenti"", Analizza Il Modo in Cui Nasce una campagna Pubblicitaria, Espone le teorie dei Piu' importanti Pubblicitarie presenta Il Codice di Autoregolamentazione che le Agenzie si Sono Date: Mestiere del pubblicitario ; I Grandi Pubblicitari; Pubblicità nella Societa'; Guida Alla Lettura della Pubblicità. La Terza parte presenta una Seriedi ""Letture"" di Alcune delle Piu' importanti campagne Prodotte nel Corso della Storia della Pubblicità. Glossario."
650 _aENCICLOPEDIE DI PUBBLICITA'
650 _eCodice materia Spics: 6201
942 _cBK
957 _71
999 _c91848
_d91848
999 _g1